[Event "DEM U14 2015"]
[Site "Willingen GER"]
[Date "2015.05.29"]
[Round "8"]
[White "Viol, Julius"]
[Black "Langjahr, Marius"]
[Result "1/2-1/2"]
[Termination "normal"]
[Board "23"]
[WhiteElo "1558"]
[BlackElo "1812"]
[PlyCount "116"]
[WhiteFideId "12958492"]
[BlackFideId "12974625"]
[EventCountry "GER"]
[EventRounds "9"]
[EventType "swiss"]
[EventDate "2015.05.23"]

1. d4 e6 2. c4 d5 3. Nc3 Nf6 4. cxd5 exd5 5. Bg5 c6 6. e3 Be7 7. Qc2 O-O 8. Bd3
Nbd7 9. Nf3 Re8 10. O-O Nf8 11. Bxf6 Bxf6 12. b4 a6 13. a4 g6 14. b5 cxb5 15.
axb5 a5 16. Qb3 Be6 17. Rfc1 b6 18. Na4 Rb8 19. Rc6 Be7 20. Ne5 f6 21. Rxe6
Nxe6 22. Nc6 Qd7 23. Nxb8 Rxb8 24. Nc3 Rd8 25. Nxd5 Qxd5 26. Bc4 Qh5 27. Bxe6+
Kg7 28. Rc1 Qe2 29. Bc4 Qd2 30. Qc3 Qxc3 31. Rxc3 Bb4 32. Rc2 Ra8 33. Ba2 Rb8
34. Rc6 a4 35. Rc4 Ba5 36. Rxa4 Rc8 37. Rc4 Rxc4 38. Bxc4 Kf8 39. Kf1 Ke7 40.
Ke2 Kd6 41. Kf3 Be1 42. Ke2 Bb4 43. Kd3 Be1 44. f3 Bf2 45. g4 g5 46. Ke4 h6 47.
f4 Bg1 48. fxg5 fxg5 49. h3 Bf2 50. Kd3 Bg1 51. Ke2 Bh2 52. Kf2 Ke7 53. e4 Kd6
54. Bf7 Bf4 55. Kf3 Bh2 56. d5 Kc5 57. Be8 Kd4 58. Bc6 Bd6 1/2-1/2

[Event "DEM U14 2015"]
[Site "Willingen GER"]
[Date "2015.05.30"]
[Round "9"]
[White "Engel, Luis"]
[Black "Schmidek, Emil"]
[Result "1/2-1/2"]
[Termination "normal"]
[Board "1"]
[WhiteElo "2212"]
[BlackElo "2163"]
[WhiteClock "00:39:07"]
[BlackClock "00:16:32"]
[PlyCount "117"]
[WhiteFideId "12961523"]
[BlackFideId "12908150"]
[EventCountry "GER"]
[EventRounds "9"]
[EventType "swiss"]
[EventDate "2015.05.23"]

1. c4 Nf6 2. Nc3 g6 3. e4 d6 4. d4 Bg7 5. Nf3 O-O 6. Be2 e5 7. dxe5 dxe5 8. O-O
Nc6 9. Bg5 Qxd1 10. Rfxd1 Bg4 11. h3 Bxf3 12. Bxf3 Nd4 13. Nd5 Nxd5 14. cxd5 f5
15. Kf1 Rf7 16. Bd2 Rd8 17. Rac1 Bf6 18. Be3 fxe4 19. Bxe4 Nf5 20. Bxf5 gxf5
21. Bxa7 Ra8 22. Bc5 Rxa2 23. Ba3 Be7 24. Rxc7 Bxa3 25. Rxf7 Kxf7 26. bxa3 Rxa3
27. f3 Ra5 28. d6 Ra8 29. Rb1 Rb8 30. Rb6 Ke6 31. Kf2 f4 32. g4 fxg3+ 33. Kxg3
Rg8+ 34. Kf2 Rf8 35. Rxb7 Kxd6 36. Ke3 h5 37. Rh7 Rf5 38. Rh6+ Kd5 39. h4 Rf4
40. Rxh5 Ke6 41. Rh7 Kf6 42. h5 Rh4 43. Rh6+ Kg7 44. Rg6+ Kf7 45. Rh6 Kg7 46.
Re6 Rxh5 47. Ke4 Kf7 48. Rxe5 Rh6 49. Ra5 Rh4+ 50. f4 Rh6 51. Ra7+ Kf8 52. Kf5
Rb6 53. Kg5 Rc6 54. Ra5 Kf7 55. f5 Rb6 56. Rc5 Ra6 57. f6 Ra1 58. Rc7+ Kf8 59.
Kg6 1/2-1/2

[Event "DEM U14 2015"]
[Site "Willingen GER"]
[Date "2015.05.30"]
[Round "9"]
[White "Poghosyan, Tigran"]
[Black "Hofmann, Rares"]
[Result "1-0"]
[Termination "normal"]
[Board "2"]
[WhiteElo "2136"]
[BlackElo "2003"]
[WhiteClock "00:25:51"]
[BlackClock "00:18:53"]
[PlyCount "125"]
[WhiteFideId "12909319"]
[BlackFideId "12976440"]
[EventCountry "GER"]
[EventRounds "9"]
[EventType "swiss"]
[EventDate "2015.05.23"]

1. e4 c5 2. Nf3 Nc6 3. d4 cxd4 4. Nxd4 e5 5. Nb5 d6 6. N1c3 a6 7. Na3 b5 8. Nd5
Nge7 9. c4 Nd4 10. cxb5 Nxd5 11. exd5 Be7 12. bxa6 Qa5+ 13. Qd2 Qxd5 14. Bb5+
Kf8 15. O-O h5 16. Bc4 Qc6 17. Qa5 Be6 18. Bxe6 Rxa6 19. Bd5 Rxa5 20. Bxc6 Nxc6
21. Nc4 Rc5 22. b3 d5 23. Ne3 f6 24. Bd2 d4 25. Nc4 Kf7 26. a4 Rb8 27. Rfb1 e4
28. a5 Rcb5 29. Nb6 Bd8 30. Bf4 Rb7 31. Nc8 Nxa5 32. Nd6+ Ke6 33. Nxb7 Nxb7 34.
Ra4 g5 35. Bd2 Ke5 36. Rb4 Rxb4 37. Bxb4 Kd5 38. Kf1 Nc5 39. Bxc5 Kxc5 40. Rc1+
Kd6 41. b4 Bb6 42. Rc8 Kd7 43. Rc1 Kd6 44. Ke1 d3 45. Rc8 Kd7 46. Rc4 f5 47. f3
e3 48. Rc3 d2+ 49. Ke2 f4 50. b5 g4 51. Rc6 h4 52. h3 gxf3+ 53. gxf3 Bd8 54.
Rg6 Kc7 55. Rg4 Kb6 56. Rxf4 Kxb5 57. Re4 Bb6 58. Rxh4 Kc5 59. Re4 Kd5 60. h4
Bd4 61. h5 Kc4 62. h6 Kc3 63. Rxd4 1-0

[Event "DEM U14 2015"]
[Site "Willingen GER"]
[Date "2015.05.30"]
[Round "9"]
[White "Martin, Julian"]
[Black "Zienert, Richard"]
[Result "1-0"]
[Termination "normal"]
[Board "3"]
[WhiteElo "2281"]
[BlackElo "2085"]
[WhiteClock "00:01:40"]
[BlackClock "00:02:13"]
[PlyCount "103"]
[WhiteFideId "12941000"]
[BlackFideId "12945986"]
[EventCountry "GER"]
[EventRounds "9"]
[EventType "swiss"]
[EventDate "2015.05.23"]

1. e4 d5 2. exd5 Qxd5 3. Nc3 Qa5 4. d4 Nf6 5. Bc4 c6 6. Nf3 Bf5 7. Bd2 e6 8. h3
Bb4 9. a3 Bxc3 10. Bxc3 Qc7 11. Ne5 Nbd7 12. g4 Be4 13. f3 Bd5 14. Be2 Nxe5 15.
dxe5 Nd7 16. Qd4 c5 17. Qe3 O-O-O 18. O-O-O h5 19. Rhg1 g6 20. f4 hxg4 21. hxg4
Rh2 22. Be1 Qc6 23. Bg3 Rxe2 24. Qxe2 Bf3 25. Qd3 Bxd1 26. Rxd1 Rh8 27. f5 gxf5
28. gxf5 Rh1 29. Be1 Rh5 30. fxe6 Qxe6 31. Bc3 Rf5 32. Qh3 Rf2 33. Qh8+ Kc7 34.
Be1 Re2 35. Qh5 Qc4 36. Qf5 Qe6 37. Qd3 Rg2 38. Bg3 c4 39. Qf3 Rxg3 40. Qxg3
Nxe5 41. Kb1 f6 42. Rf1 a6 43. a4 Kb8 44. Qh2 Ka7 45. Qh4 Qd6 46. Rxf6 Qd1+ 47.
Ka2 Qd2 48. Qe4 Qa5 49. Qd4+ b6 50. Re6 Qxa4+ 51. Kb1 Nd7 52. Re7 1-0

[Event "DEM U14 2015"]
[Site "Willingen GER"]
[Date "2015.05.30"]
[Round "9"]
[White "Fieberg, Samuel"]
[Black "Stein, Robert"]
[Result "1-0"]
[Termination "normal"]
[Board "4"]
[WhiteElo "2168"]
[BlackElo "2010"]
[WhiteClock "00:11:06"]
[BlackClock "00:12:51"]
[PlyCount "101"]
[WhiteFideId "12901717"]
[BlackFideId "12921084"]
[EventCountry "GER"]
[EventRounds "9"]
[EventType "swiss"]
[EventDate "2015.05.23"]

1. e4 c5 2. Nf3 Nc6 3. g3 g6 4. d4 cxd4 5. Nxd4 Bg7 6. Be3 Nf6 7. Nc3 d6 8. h3
Bd7 9. Bg2 O-O 10. O-O Rc8 11. Nce2 Qc7 12. c3 a6 13. Qd2 Rfd8 14. Rfd1 Na5 15.
Bg5 Nc4 16. Qc1 b5 17. b3 Nb6 18. Qd2 e5 19. Nc2 Bc6 20. Nb4 Bb7 21. Nd5 Bxd5
22. exd5 Re8 23. Rac1 Nfd7 24. g4 Nc5 25. Ng3 Ra8 26. Be3 Rac8 27. Kh2 Qd7 28.
g5 Qe7 29. Qe2 Rf8 30. Qg4 Kh8 31. h4 f5 32. gxf6 Bxf6 33. h5 gxh5 34. Qxh5 Rg8
35. Nf5 Qd8 36. Rh1 Bg5 37. Nxd6 Qxd6 38. Bxg5 Rg6 39. Kg1 Rc7 40. Rh2 Rcg7 41.
Bh6 Rg8 42. Be3 R6g7 43. Bxc5 Qxc5 44. Qxe5 Qxd5 45. Re1 Qf7 46. Re3 Rd8 47.
Rh6 Rd1+ 48. Kh2 Qxf2 49. Rxh7+ Kxh7 50. Qh5+ Kg8 51. Re8+ 1-0

[Event "DEM U14 2015"]
[Site "Willingen GER"]
[Date "2015.05.30"]
[Round "9"]
[White "Mätzkow, Maximilian Paul"]
[Black "Buckels, Valentin"]
[Result "0-1"]
[Termination "normal"]
[Board "5"]
[WhiteElo "2050"]
[BlackElo "2178"]
[WhiteClock "00:09:33"]
[BlackClock "00:10:56"]
[PlyCount "74"]
[WhiteFideId "24679933"]
[BlackFideId "12942766"]
[EventCountry "GER"]
[EventRounds "9"]
[EventType "swiss"]
[EventDate "2015.05.23"]

1. e4 e5 2. Nf3 Nc6 3. Bb5 g6 4. c3 a6 5. Ba4 Bg7 6. O-O Nge7 7. h3 O-O 8. d4
b5 9. Bb3 exd4 10. cxd4 d5 11. e5 h6 12. Nc3 Be6 13. Ne2 Qd7 14. Nf4 Rac8 15.
Nd3 Na5 16. Nc5 Qc6 17. Bd2 Nc4 18. Bc3 Rb8 19. a3 Qb6 20. Ne1 Bf5 21. Bc2 Rfd8
22. Bxf5 Nxf5 23. Ned3 a5 24. b3 Nxa3 25. Rxa3 b4 26. Bxb4 axb4 27. Ra6 Qb5 28.
Ra4 Bf8 29. e6 Nxd4 30. Rxb4 Qa5 31. exf7+ Kg7 32. Nb7 Qa7 33. Nxd8 Bxb4 34.
Nxb4 Rxd8 35. Qd2 c5 36. f8=Q+ Rxf8 37. Nxd5 Qd7 0-1

[Event "DEM U14 2015"]
[Site "Willingen GER"]
[Date "2015.05.30"]
[Round "9"]
[White "Gungl, Theo"]
[Black "Rieß, Alexander"]
[Result "1-0"]
[Termination "normal"]
[Board "6"]
[WhiteElo "2085"]
[BlackElo "2150"]
[WhiteClock "00:01:31"]
[BlackClock "00:02:53"]
[PlyCount "47"]
[WhiteFideId "24695653"]
[BlackFideId "12953326"]
[EventCountry "GER"]
[EventRounds "9"]
[EventType "swiss"]
[EventDate "2015.05.23"]

1. d4 Nf6 2. c4 g6 3. Nc3 d5 4. Nf3 Bg7 5. Bf4 O-O 6. Rc1 dxc4 7. e4 Bg4 8.
Bxc4 Nh5 9. Be3 Bxf3 10. Qxf3 Bxd4 11. O-O c5 12. Rfd1 Nc6 13. Bd5 Ne5 14. Qe2
e6 15. Bxb7 Rb8 16. Ba6 Qh4 17. h3 Bxe3 18. Qxe3 Rxb2 19. Bf1 Rc8 20. Nb5 a6
21. Nd6 Rc6 22. Rxc5 Rxf2 23. Rxe5 Rcc2 24. Rc5 1-0

[Event "DEM U14 2015"]
[Site "Willingen GER"]
[Date "2015.05.30"]
[Round "9"]
[White "Muckle, Julius"]
[Black "Wong, Gengchun"]
[Result "1-0"]
[Termination "normal"]
[Board "7"]
[WhiteElo "2129"]
[BlackElo "2015"]
[WhiteClock "00:02:53"]
[BlackClock "00:11:46"]
[PlyCount "123"]
[WhiteFideId "12942430"]
[BlackFideId "12963283"]
[EventCountry "GER"]
[EventRounds "9"]
[EventType "swiss"]
[EventDate "2015.05.23"]

1. d4 Nf6 2. c4 g6 3. Nc3 d5 4. Bg5 Ne4 5. Bh4 Nxc3 6. bxc3 Bg7 7. cxd5 Qxd5 8.
e3 c5 9. Nf3 Nc6 10. Be2 O-O 11. O-O Bf5 12. Nd2 cxd4 13. cxd4 e5 14. Bf3 Qd6
15. Bxc6 Qxc6 16. e4 Bxe4 17. Rc1 Qd5 18. Rc5 Qxd4 19. Rc4 Qd5 20. Rxe4 Qxa2
21. Nc4 f6 22. Qb1 Qa6 23. Qb3 Kh8 24. Bg3 Rac8 25. Nb2 b5 26. Rb4 Rb8 27. f4
exf4 28. Bxf4 Rb7 29. Be3 Re8 30. Rb1 Qc6 31. Nd1 a6 32. Rc1 Qd7 33. Rd4 Qe7
34. Ra1 Ra8 35. Ra5 f5 36. g3 h5 37. Rd2 h4 38. Bf2 Qg5 39. Rd3 h3 40. Rd6 Rba7
41. Bxa7 Rxa7 42. Qe3 f4 43. Qxf4 Qc5+ 44. Kf1 Ra8 45. Qh4+ Kg8 46. Rd8+ Rxd8
47. Qxd8+ Kh7 48. Ra2 Qc4+ 49. Re2 Qf7+ 50. Ke1 Bf6 51. Qc8 Qa7 52. Qxh3+ Kg7
53. Kf1 Qd4 54. Nf2 b4 55. Qg4 Qa1+ 56. Re1 Qc3 57. Qd7+ Kh6 58. Ng4+ Kg5 59.
Nxf6 Qxf6+ 60. Kg1 Qb6+ 61. Kg2 Qf6 62. Qe7 1-0

[Event "DEM U14 2015"]
[Site "Willingen GER"]
[Date "2015.05.30"]
[Round "9"]
[White "Rockmann, Jan-Okke"]
[Black "Reuker, Jari"]
[Result "0-1"]
[Termination "normal"]
[Board "8"]
[WhiteElo "1833"]
[BlackElo "2057"]
[WhiteClock "00:43:32"]
[BlackClock "00:38:20"]
[PlyCount "32"]
[WhiteFideId "12942111"]
[BlackFideId "12909300"]
[EventCountry "GER"]
[EventRounds "9"]
[EventType "swiss"]
[EventDate "2015.05.23"]

1. e4 c5 2. Nc3 e6 3. Nf3 a6 4. d4 cxd4 5. Nxd4 Qc7 6. Be2 b5 7. Bf3 Bb7 8. O-O
Nc6 9. g3 Nf6 10. Be3 Ne5 11. Bg2 Nc4 12. Qe2 Nxe3 13. Qxe3 Bc5 14. Ndxb5 axb5
15. Qg5 O-O 16. e5 h6 0-1

[Event "DEM U14 2015"]
[Site "Willingen GER"]
[Date "2015.05.30"]
[Round "9"]
[White "Weller, Uli"]
[Black "Ewert, Hannes"]
[Result "1/2-1/2"]
[Termination "normal"]
[Board "9"]
[WhiteElo "1786"]
[BlackElo "1930"]
[WhiteClock "00:10:11"]
[BlackClock "00:13:29"]
[PlyCount "51"]
[WhiteFideId "12971782"]
[BlackFideId "12961574"]
[EventCountry "GER"]
[EventRounds "9"]
[EventType "swiss"]
[EventDate "2015.05.23"]

1. e4 c5 2. c3 g6 3. d4 cxd4 4. cxd4 d5 5. e5 Nc6 6. Nc3 Bg7 7. Be3 Nh6 8. Qb3
e6 9. Bd3 Ng4 10. Nf3 Nxe3 11. fxe3 f6 12. exf6 Bxf6 13. O-O O-O 14. a3 Qd6 15.
Rad1 Rd8 16. Kh1 Bg7 17. Qc2 Qe7 18. b4 a6 19. h3 Bd7 20. Nh2 Qg5 21. Qd2 Rf8
22. Nf3 Qe7 23. Bc2 Rad8 24. Na4 Be8 25. Nc5 Kh8 26. Bb3 1/2-1/2

[Event "DEM U14 2015"]
[Site "Willingen GER"]
[Date "2015.05.30"]
[Round "9"]
[White "Wiesner, Alexander"]
[Black "Roseneck, Jonas"]
[Result "0-1"]
[Termination "normal"]
[Board "10"]
[WhiteElo "1854"]
[BlackElo "1975"]
[WhiteClock "00:02:56"]
[BlackClock "00:10:08"]
[PlyCount "74"]
[WhiteFideId "12943991"]
[BlackFideId "12939870"]
[EventCountry "GER"]
[EventRounds "9"]
[EventType "swiss"]
[EventDate "2015.05.23"]

1. d4 Nf6 2. c4 g6 3. Nc3 Bg7 4. e4 d6 5. f3 O-O 6. Bg5 c5 7. d5 a6 8. Qd2 Qa5
9. a4 e6 10. Ra3 exd5 11. cxd5 Re8 12. Nge2 Nbd7 13. Ng3 Qc7 14. Be2 Rb8 15.
O-O c4 16. a5 b5 17. axb6 Nxb6 18. Rc1 Nfd7 19. Nd1 Nc5 20. Be3 Nba4 21. Rxc4
Nxb2 22. Nxb2 Rxb2 23. Rc2 Rxc2 24. Qxc2 Qb6 25. Nf1 Qb4 26. Qa2 Re7 27. Nd2 f5
28. Nc4 Be5 29. Nxe5 Rxe5 30. Bd4 Qxd4+ 31. Kf1 fxe4 32. f4 Rf5 33. g3 Rf8 34.
Kg2 Nd3 35. Bxd3 exd3 36. Qd2 Qxd5+ 37. Kg1 Qc5+ 0-1

[Event "DEM U14 2015"]
[Site "Willingen GER"]
[Date "2015.05.30"]
[Round "9"]
[White "Vuckovic, Zarko"]
[Black "Holinka, Henning"]
[Result "1/2-1/2"]
[Termination "normal"]
[Board "11"]
[WhiteElo "1790"]
[BlackElo "1872"]
[PlyCount "63"]
[WhiteFideId "12952087"]
[BlackFideId "12967084"]
[EventCountry "GER"]
[EventRounds "9"]
[EventType "swiss"]
[EventDate "2015.05.23"]

1. e4 g6 2. Nc3 Bg7 3. f4 d6 4. Nf3 a6 5. Be2 b5 6. O-O Bb7 7. d3 c5 8. Qe1 Nc6
9. Bd2 b4 10. Nd1 Nf6 11. c3 e5 12. c4 Qe7 13. h3 O-O-O 14. a3 a5 15. axb4 axb4
16. Ne3 exf4 17. Nd5 Nxd5 18. cxd5 Nd4 19. Nxd4 Bxd4+ 20. Kh1 g5 21. Bg4+ Kb8
22. Bxb4 cxb4 23. Qxb4 Bc5 24. Qa4 h5 25. Bf5 Qe5 26. Rfc1 Qd4 27. Rc4 Qf2 28.
d4 f3 29. gxf3 Qxf3+ 30. Kg1 Qg3+ 31. Kf1 Qf3+ 32. Kg1 1/2-1/2

[Event "DEM U14 2015"]
[Site "Willingen GER"]
[Date "2015.05.30"]
[Round "9"]
[White "Wierzbicki, Jirawat"]
[Black "Wendler, David"]
[Result "1/2-1/2"]
[Termination "normal"]
[Board "12"]
[WhiteElo "1972"]
[BlackElo "1807"]
[PlyCount "72"]
[WhiteFideId "1153579"]
[BlackFideId "12938360"]
[EventCountry "GER"]
[EventRounds "9"]
[EventType "swiss"]
[EventDate "2015.05.23"]

1. e4 c5 2. c3 d5 3. exd5 Qxd5 4. d4 cxd4 5. cxd4 Nc6 6. Nf3 e5 7. Nc3 Bb4 8.
Bd2 Bxc3 9. Bxc3 e4 10. Ne5 Nxe5 11. dxe5 Ne7 12. Be2 O-O 13. O-O Bf5 14. Qc1
Qe6 15. Qg5 h6 16. Qg3 Rfd8 17. a3 Qg6 18. Qh4 Nc6 19. Rad1 Rxd1 20. Rxd1 Re8
21. Rd6 Qg5 22. Qxg5 hxg5 23. Bb5 Rd8 24. Bxc6 Rxd6 25. exd6 bxc6 26. Kf1 f6
27. Ke2 Kf7 28. Ke3 Ke6 29. Bd4 a6 30. Bc5 Kd5 31. b4 Bd7 32. Kd2 Kc4 33. Ke3
Kd5 34. Kd2 Kc4 35. Ke3 Kd5 36. Kd2 Kc4 1/2-1/2

[Event "DEM U14 2015"]
[Site "Willingen GER"]
[Date "2015.05.30"]
[Round "9"]
[White "Browning, Alex"]
[Black "Baltic, Fatih"]
[Result "1-0"]
[Termination "normal"]
[Board "13"]
[WhiteElo "1864"]
[BlackElo "1887"]
[PlyCount "81"]
[WhiteFideId "12984019"]
[BlackFideId "12979090"]
[EventCountry "GER"]
[EventRounds "9"]
[EventType "swiss"]
[EventDate "2015.05.23"]

1. e4 c5 2. Nf3 d6 3. d4 cxd4 4. Nxd4 Nf6 5. Nc3 a6 6. h3 h5 7. Bg5 e6 8. Be2
Be7 9. O-O Nbd7 10. Re1 Qc7 11. Bf1 b6 12. g3 Bb7 13. Bg2 Rc8 14. Qe2 Ng8 15.
Bxe7 Nxe7 16. Rad1 b5 17. Ndxb5 axb5 18. Nxb5 Qb8 19. Nxd6+ Kf8 20. Nxf7 Kxf7
21. Rxd7 Bc6 22. Qf3+ Ke8 23. Rd2 Qxb2 24. Qf4 Qf6 25. Qe3 Rf8 26. h4 Kf7 27.
Red1 Kg8 28. Rd6 Bb5 29. e5 Qf7 30. Be4 Nf5 31. Qd2 Nxd6 32. exd6 Bc6 33. Bxc6
Rxc6 34. d7 Rc7 35. d8=Q Rxd8 36. Qxd8+ Kh7 37. c4 g6 38. c5 Kh6 39. Qg5+ Kg7
40. Qe5+ Kh7 41. Rd8 1-0

[Event "DEM U14 2015"]
[Site "Willingen GER"]
[Date "2015.05.30"]
[Round "9"]
[White "Renger, Niklas"]
[Black "Schirra, Maurice"]
[Result "1/2-1/2"]
[Termination "normal"]
[Board "14"]
[WhiteElo "1942"]
[BlackElo "1791"]
[PlyCount "59"]
[WhiteFideId "12908096"]
[BlackFideId "12941115"]
[EventCountry "GER"]
[EventRounds "9"]
[EventType "swiss"]
[EventDate "2015.05.23"]

1. e4 e5 2. Nf3 Nf6 3. Nxe5 d6 4. Nf3 Nxe4 5. Nc3 Nxc3 6. dxc3 Be7 7. Be3 Nc6
8. Qd2 Be6 9. Ng5 Qd7 10. Nxe6 Qxe6 11. Be2 Ne5 12. Qd4 Bf6 13. Qa4+ c6 14. O-O
O-O 15. Rad1 d5 16. Rfe1 Ng6 17. Bg4 Qe7 18. c4 Qe4 19. Be2 b5 20. Qa6 Nh4 21.
Bf1 dxc4 22. Bc5 Qg6 23. Kh1 Rfc8 24. Rd7 Nf5 25. Rxa7 Rab8 26. Rb7 Ra8 27. Rc7
Rcb8 28. Qxc6 Bxb2 29. Qd7 h6 30. g3 1/2-1/2

[Event "DEM U14 2015"]
[Site "Willingen GER"]
[Date "2015.05.30"]
[Round "9"]
[White "Piskaykin, Bogdan"]
[Black "Degenhard, Simon"]
[Result "1/2-1/2"]
[Termination "normal"]
[Board "15"]
[WhiteElo "1771"]
[BlackElo "1851"]
[PlyCount "52"]
[WhiteFideId "12941212"]
[BlackFideId "12944017"]
[EventCountry "GER"]
[EventRounds "9"]
[EventType "swiss"]
[EventDate "2015.05.23"]

1. e4 e6 2. d4 d5 3. Nc3 Bb4 4. Nge2 dxe4 5. a3 Be7 6. Nxe4 Nf6 7. N2g3 O-O 8.
Be2 Nc6 9. Nxf6+ Bxf6 10. c3 b6 11. O-O Bb7 12. Bf3 Na5 13. Bxb7 Nxb7 14. Qf3
Qd5 15. Qxd5 exd5 16. Nh5 Be7 17. Re1 Rfe8 18. Bf4 g6 19. Ng3 Bd6 20. Bxd6 Nxd6
21. Ne2 Nc4 22. Nf4 c6 23. Nd3 Kf8 24. Rad1 a5 25. a4 f6 26. b3 Nd6 1/2-1/2

[Event "DEM U14 2015"]
[Site "Willingen GER"]
[Date "2015.05.30"]
[Round "9"]
[White "Toptschiev, David"]
[Black "Weber, Samuel"]
[Result "0-1"]
[Termination "normal"]
[Board "16"]
[WhiteElo "1873"]
[BlackElo "1954"]
[PlyCount "70"]
[WhiteFideId "12968005"]
[BlackFideId "12924008"]
[EventCountry "GER"]
[EventRounds "9"]
[EventType "swiss"]
[EventDate "2015.05.23"]

1. c4 Nf6 2. Nc3 e6 3. d4 Bb4 4. Bd2 b6 5. Nf3 Bb7 6. e3 Bxc3 7. bxc3 Ne4 8.
Bd3 f5 9. Ne5 O-O 10. Bxe4 fxe4 11. f4 d6 12. Ng4 Ba6 13. Qb3 Nc6 14. c5 Qh4+
15. Nf2 d5 16. cxb6 axb6 17. Qa4 b5 18. Qd1 Na5 19. g3 Qe7 20. h4 Nc4 21. g4
Qf7 22. h5 e5 23. f5 exd4 24. cxd4 Qf6 25. Qb3 c5 26. Bc3 Qg5 27. Rh3 b4 28.
Bb2 Rxf5 29. gxf5 Qg1+ 30. Ke2 Nxb2+ 31. Kd2 Qxf2+ 32. Kc1 Nd3+ 33. Kd1 Qe1+
34. Kc2 Qe2+ 35. Kb1 Bc4 0-1

[Event "DEM U14 2015"]
[Site "Willingen GER"]
[Date "2015.05.30"]
[Round "9"]
[White "Hinrichs, Niklas"]
[Black "Silber, Kevin"]
[Result "1-0"]
[Termination "normal"]
[Board "17"]
[WhiteElo "1818"]
[BlackElo "1841"]
[PlyCount "80"]
[WhiteFideId "12942499"]
[BlackFideId "12930440"]
[EventCountry "GER"]
[EventRounds "9"]
[EventType "swiss"]
[EventDate "2015.05.23"]

1. d4 Nf6 2. c4 Nc6 3. Nf3 d6 4. Bf4 g6 5. h3 Bg7 6. e3 O-O 7. Nc3 Nd7 8. Be2
e5 9. dxe5 dxe5 10. Bh2 Re8 11. O-O Nb6 12. Qb3 Qe7 13. Rfd1 Bd7 14. Nd5 Qd8
15. Rd2 Qc8 16. Rad1 Be6 17. Ng5 h6 18. Ne4 f5 19. Nef6+ Bxf6 20. Nxf6+ Kf7 21.
Nxe8 Qxe8 22. Qc3 Na4 23. Qa3 Nb6 24. Qc5 Kf6 25. b3 Qf7 26. Qa3 Nd7 27. Qb2
Ke7 28. Bf3 e4 29. Be2 Rc8 30. f3 Nf6 31. Be5 Nd7 32. Bc3 f4 33. fxe4 fxe3 34.
Rxd7+ Bxd7 35. Rxd7+ Kxd7 36. Bg4+ Kd8 37. Bf6+ Ke8 38. Bxc8 b6 39. Bb7 Na5 40.
Qe5+ Kd7 1-0

[Event "DEM U14 2015"]
[Site "Willingen GER"]
[Date "2015.05.30"]
[Round "9"]
[White "Schumacher, Ole"]
[Black "Acikel, Mert"]
[Result "0-1"]
[Termination "normal"]
[Board "19"]
[WhiteElo "1414"]
[BlackElo "1887"]
[PlyCount "34"]
[WhiteFideId "12971898"]
[BlackFideId "12956465"]
[EventCountry "GER"]
[EventRounds "9"]
[EventType "swiss"]
[EventDate "2015.05.23"]

1. e4 e5 2. Nf3 Nc6 3. d4 exd4 4. Bc4 Bc5 5. Ng5 Nh6 6. Nxf7 Nxf7 7. Bxf7+ Kxf7
8. Qh5+ g6 9. Qxc5 d5 10. exd5 Re8+ 11. Kf1 b6 12. Qc4 Na5 13. Qd3 Qxd5 14. Nc3
Qc6 15. Ne2 Bf5 16. Qxd4 Rad8 17. Qc3 Rd1+ 0-1

[Event "DEM U14 2015"]
[Site "Willingen GER"]
[Date "2015.05.30"]
[Round "9"]
[White "Schäfer, Nicolas"]
[Black "Ortmeier, Leonard"]
[Result "0-1"]
[Termination "normal"]
[Board "21"]
[WhiteElo "1595"]
[BlackElo "1737"]
[PlyCount "144"]
[WhiteFideId "12988901"]
[BlackFideId "12993662"]
[EventCountry "GER"]
[EventRounds "9"]
[EventType "swiss"]
[EventDate "2015.05.23"]

1. d4 Nf6 2. c4 c5 3. d5 b5 4. Qc2 d6 5. e4 g6 6. f4 Nbd7 7. Nf3 Qc7 8. Nbd2
Bg7 9. Rb1 O-O 10. b3 Bb7 11. Bb2 Rfb8 12. Bd3 Ba6 13. O-O bxc4 14. Nxc4 Nb6
15. Nxb6 axb6 16. a4 b5 17. axb5 Bxb5 18. Nd2 Bxd3 19. Qxd3 Qb6 20. e5 Nd7 21.
Qe3 Qb7 22. e6 Nf6 23. exf7+ Kxf7 24. Qe6+ Kf8 25. Bxf6 Bxf6 26. f5 Qc8 27. g4
Qxe6 28. fxe6 Kg7 29. Ne4 Bd4+ 30. Kh1 Rf8 31. Ng5 h6 32. Nf7 Bf6 33. b4 c4 34.
Rfc1 c3 35. Rc2 Rfb8 36. b5 Rb6 37. Rb4 Rab8 38. Rc4 Rxb5 39. R4xc3 Bxc3 40.
Rxc3 Rxd5 41. Rc7 Rd2 42. Rc1 Re2 43. g5 Rxe6 44. Nxh6 Re5 45. Ng4 Rxg5 46. Ne3
Re5 47. Ng2 Reb5 48. Rg1 Rb1 49. Nf4 Rxg1+ 50. Kxg1 Rb2 51. Nd3 Rd2 52. Nf2
Rxf2 53. Kxf2 Kf6 54. Ke3 Kf5 55. Kf3 e5 56. Ke3 d5 57. h4 Kg4 58. Kf2 Kxh4 59.
Kf3 g5 60. Ke3 Kg3 61. Kd3 Kf3 62. Kd2 g4 63. Ke1 g3 64. Kf1 e4 65. Kg1 e3 66.
Kf1 e2+ 67. Ke1 g2 68. Kd2 g1=Q 69. Kd3 e1=R 70. Kc3 Qe3+ 71. Kb4 Rb1+ 72. Ka5
Qa7# 0-1

[Event "DEM U14 2015"]
[Site "Willingen GER"]
[Date "2015.05.30"]
[Round "9"]
[White "Viol, Julius"]
[Black "Hoffmann, Lennard"]
[Result "0-1"]
[Termination "normal"]
[Board "22"]
[WhiteElo "1558"]
[BlackElo "1815"]
[PlyCount "136"]
[WhiteFideId "12958492"]
[BlackFideId "12943495"]
[EventCountry "GER"]
[EventRounds "9"]
[EventType "swiss"]
[EventDate "2015.05.23"]

1. d4 Nf6 2. c4 c5 3. d5 b5 4. cxb5 a6 5. e3 axb5 6. Bxb5 Bb7 7. Nc3 Qb6 8. Bc4
e6 9. Nf3 Qb4 10. Bb3 Bxd5 11. Bxd5 Nxd5 12. Qc2 Qc4 13. Ne5 Qa6 14. Nxd5 exd5
15. Qb3 d6 16. Nf3 Nc6 17. Bd2 Rb8 18. Qc2 Be7 19. Bc3 O-O 20. b3 Rfe8 21. Qe2
Qxe2+ 22. Kxe2 c4 23. bxc4 dxc4 24. Rhd1 Nb4 25. Bxb4 Rxb4 26. Rab1 Ra4 27. Rb2
Rea8 28. Rc1 Rxa2 29. Rcc2 Rxb2 30. Rxb2 f6 31. Nd4 d5 32. Kd1 Ra1+ 33. Kd2 Rg1
34. Nf5 Ba3 35. Rb5 Rxg2 36. Ke2 c3 37. Nd4 Rxh2 38. Rxd5 Bb2 39. Rc5 g6 40.
Nb5 Rh5 41. Rc8+ Kf7 42. Nxc3 Bxc3 43. Rxc3 Re5 44. Rc7+ Re7 45. Rc8 h5 46. Kf3
g5 47. Kg3 Kg6 48. Rg8+ Kf5 49. Rf8 Re6 50. Kf3 h4 51. Rg8 Re7 52. Kg2 Ke4 53.
Rf8 Re6 54. Rb8 f5 55. Rb4+ Ke5 56. f4+ Kf6 57. fxg5+ Kxg5 58. Kf3 h3 59. Rb2
Re4 60. Rh2 Kh4 61. Rh1 Rg4 62. Rh2 Rg3+ 63. Kf2 Kg4 64. Ke2 Rg2+ 65. Rxg2+
hxg2 66. Kf2 Kh3 67. Kg1 Kg3 68. e4 f4 0-1

[Event "DEM U14 2015"]
[Site "Willingen GER"]
[Date "2015.05.30"]
[Round "9"]
[White "Pommerenke, Kayonzo"]
[Black "Wolf, Philipp"]
[Result "0-1"]
[Termination "normal"]
[Board "23"]
[WhiteElo "1601"]
[BlackElo "1573"]
[PlyCount "48"]
[WhiteFideId "12968129"]
[BlackFideId "12958948"]
[EventCountry "GER"]
[EventRounds "9"]
[EventType "swiss"]
[EventDate "2015.05.23"]

1. e4 c5 2. Nf3 e6 3. d4 cxd4 4. Nxd4 Nc6 5. Nc3 Bb4 6. g3 Nf6 7. Bg2 d5 8.
Nxc6 bxc6 9. O-O O-O 10. e5 Nd7 11. f4 Ba6 12. Ne2 Qb6+ 13. Kh1 f6 14. c3 Be7
15. exf6 Nxf6 16. h3 Rad8 17. Re1 Ne4 18. Bxe4 dxe4 19. Qb3 Qf2 20. Be3 Qf3+
21. Kh2 Bxe2 22. Qxe6+ Rf7 23. Bxa7 Rd2 24. Qc8+ Bf8 0-1